Two-phase momentum, heat and mass transfer in chemical, process, and energy engineering systems /

Guardado en:
Autores Corporativos: International Center for Heat and Mass Transfer., International Center for Heat and Mass Transfer
Otros Autores: Durst, F., (Editor , ed.), Tsiklauri, G. V. (Editor , ed.), Afgan, Naim., (Editor , ed.)
Formato: Libro
Idioma:English
Publicado: Washington : Hemisphere Pub. Corp., c1979.
Series:Series in thermal and fluids engineering
Materias:
Etiquetas: Agregar Etiqueta
Sin Etiquetas, Sea el primero en etiquetar este registro!
LEADER 01658cam a22003855a 4500
001 EIQ.libpla001072
008 790326s1979####dcu######b####101#0#eng#d
005 20080528182200.0
245 0 0 |a Two-phase momentum, heat and mass transfer in chemical, process, and energy engineering systems /  |c edited by F. Durst, G. V. Tsiklauri, N. H. Afgan. 
260 |a Washington :  |b Hemisphere Pub. Corp.,  |c c1979. 
300 |a 2 v. (x, 1079 p.) ;  |c 25 cm. 
490 0 |a Series in thermal and fluids engineering 
500 |a "Based on papers presented at the seminar of the International Centre for Heat and Mass Transfer, held in Dubrovnik, Sept. 4-9, 1978". 
504 |a Incluye referencias bibliográficas e índice. 
020 |a 0891161546 
700 1 |a Durst, F.,  |e ed.  |4 edt 
700 1 |a Tsiklauri, G. V.  |q (Georgiæi Viktorovich),  |e ed.  |4 edt 
700 1 |a Afgan, Naim.,  |e ed.  |4 edt 
710 2 |a International Center for Heat and Mass Transfer. 
711 2 |a International Center for Heat and Mass Transfer  |d (1978 :  |c Dubrovnik) 
082 0 0 |a 620.1/064 
650 4 |a Transferencia de masa  |x Congresos. 
650 4 |a Flujo bifásico  |x Congresos. 
650 4 |a Transferencia de momento  |x Congresos. 
650 4 |a Calor  |x Congresos. 
650 4 |a Calor  |x Transferencia. 
650 0 |a Two-phase flow  |x Congresses. 
650 0 |a Momentum transfer  |x Congresses. 
650 4 |a Heat  |x Congresses. 
650 0 |a Heat  |x Transfer. 
650 0 |a Mass transfer  |x Congresses. 
010 |a  79012405  
040 |a DLC  |c DLC  |d AR-BbSID 
859 |a AR-BbSID  |b BIB. PLAPIQUI  |h 620.1  |i T 93  |p 699  |v Vol. 1  |3 Vol. 1 
859 |a AR-BbSID  |b BIB. PLAPIQUI  |h 620.1  |i T 93  |p 700  |v Vol. 2  |3 Vol. 2